| 000 | 00588nam a2200181Ia 4500 | ||
|---|---|---|---|
| 003 | OSt | ||
| 005 | 20240227091236.0 | ||
| 008 | 210210b xxu||||| |||| 00| 0 eng d | ||
| 040 | _cAL | ||
| 041 | _aKannada | ||
| 082 | _a858/43 | ||
| 100 |
_aGANDHI (M K) _dಎಂ ಕೆ ಗಾಂಧಿ _9152323 |
||
| 245 |
_aSatyashodhane athava gandhijiyavara atmakathe 1 _bಸತ್ಯಶೋಧನೆ ಅಥವಾ ಗಾಂಧೀಜಿಯವರ ಆತ್ಮಕಥೆ ೧ |
||
| 260 |
_aBengaLUru _bSatyashodhana Prakatana Mandira |
||
| 690 |
_aBiography _9152324 |
||
| 906 | _a020587 | ||
| 942 |
_2ddc _cBK |
||
| 999 |
_c144748 _d144748 |
||